|
|
|
|
| LEADER |
00000nam0a2200000 4500 |
| 001 |
96406 |
| 005 |
20231031110524.0 |
| 035 |
|
|
|a (RuTPU)RU\TPU\book\103205
|
| 090 |
|
|
|a 96406
|
| 100 |
|
|
|a 20060515d1959 m y0rusy50 ca
|
| 101 |
0 |
|
|a rus
|
| 102 |
|
|
|a RU
|
| 105 |
|
|
|a a z 001zy
|
| 200 |
1 |
|
|a Разрушение при повторных нагрузках
|f С. И. Ратнер
|
| 210 |
|
|
|a Москва
|c Оборонгиз
|d 1959
|
| 215 |
|
|
|a 352 с.
|c ил.
|
| 320 |
|
|
|a Библиогр. в конце кн.
|
| 610 |
1 |
|
|a металлы
|
| 610 |
1 |
|
|a усталостная прочность
|
| 610 |
1 |
|
|a разрушение
|
| 610 |
1 |
|
|a нагрузки
|
| 610 |
1 |
|
|a изломы
|
| 675 |
|
|
|a 621.7м
|v 3
|
| 700 |
|
1 |
|a Ратнер
|b С. И.
|g Софья Исааковна
|
| 801 |
|
1 |
|a RU
|b 63413507
|c 20060515
|g PSBO
|
| 801 |
|
2 |
|a RU
|b 63413507
|c 20070608
|g PSBO
|
| 942 |
|
|
|c BK
|